1853 1925 1259 1588 1136 1746 1453 1162 1120 1192 1504 1858 1862 1636 1943 1119 1408 1901 1649 1789 1005 1353 1493 1216 1538 1991 1075 1328 1790 1325 1767 1527 1488 1843 1917 1922 1166 1380 1791 1273 1005 1370 1112 1018 1662 1634 1788 1604 1590 1412 1078 1428 1609 1904 1405 1728 1441 1492 1796 1454 1854 1886 1250 1918 1937 1346 1664 1258 1583 1672 1338 1399 1497 1332 1402 1751 1875 1898 1126 1965 1144 1077 1084 1081 1498 1656 1152 1615 1946 1943 1733 1603 1331 1733 1315 1520 1007 1268 1934 BCNSPRNW ULIB Ver.6.0+V

เปลี่ยนเป็นภาษาไทย

Change to English
 แสดงรายละเอียดบรรณานุกรม
  กลับหน้าหลัก

Brief Record : Get Marc (ISO 2709) : E-mail record : QR code < ปิดหน้าต่าง
LEADER : 00000nam 2200000uu 4500
001    13399127401
003     ULIB
008    200519s2016||||th 000 0 tha d
020    ^a9781506256405 (pbk.)
050  4 ^aPE1128^bL887Bs
100 1  ^aLougheed, Lin,^d1946-
245 10 ^aBarron s IELTS :^bstrategies and tips /^cLin Lougheed
246 30 ^aInternational English Language Testing System strategiesand tips
246 30 ^aIELTS strategies and tips
250    ^a2nd ed.
260    ^aHauppauge, N.Y. :^bBarron s Educational Series,^c2016
300    ^av, 285 p. :^bill. ;^c28 cm. +^e1 CD-ROM
505 0  ^aIELTS listening module -- IELTS reading module -- IELTSwriting module -- IELTS speaking module.
520    ^aThis book offers test-takers a range of strategies forchoosing the best methods for answering questions, alongwith useful tips that help them make choices quickly andefficiently. Together, these tips and strategies will giveprospective test-takers a plan for success on each moduleof the exam.
650  0 ^aInternational English Language Testing System^vStudyguides
650  0 ^aEnglish language^vTextbooks for foreign speakers
650  0 ^aEnglish language^xExaminations^vStudy guides
653    ^aIELTS
945    ^p329^l0^i007072
999    ^aประนอม เกษจรัล
รายการนี้ยังไม่มีแท็ก
คุณยังไม่ได้ล็อกอิน คุณสามารถมีกิจกรรมร่วมกับเว็บไซต์ได้ แต่ต้องล็อกอินก่อน ::
  ล็อกอิน

รายการสื่อสารสนเทศ

ลำดับที่ ประเภท เลขเรียก/บาร์โค้ด สถานที่ สถานะ
1. การศึกษาทั่วไป
หนังสือสำรอง
สถานะ=หนังสือสำรอง
PE1128 L887Bs ฉ.1 
  Barcode: 007072
ห้องสมุดวิทยาเขตสวรรค์ประชารักษ์
►หนังสือทั่วไป
บนชั้น

BibComment


ยังไม่เคยถูกคอมเมนท์

คอมเมนท์ทรัพยากรรายการนี้
  คอมเมนท์: Barron s IELTS ..


 Copyright 2026. Bcnsprnw @Library